<?xml version="1.0" encoding="UTF-8"?>
<collection xmlns="http://www.loc.gov/MARC21/slim">
<record>
  <controlfield tag="001">133034</controlfield>
  <controlfield tag="005">20240321103432.0</controlfield>
  <datafield tag="980" ind1=" " ind2=" ">
    <subfield code="a">REVISTAS</subfield>
    <subfield code="c">UNI</subfield>
  </datafield>
  <datafield tag="540" ind1=" " ind2=" ">
    <subfield code="9">info:eu-repo/semantics/openAccess $a Esta obra está sujeta a una licencia de uso Creative Commons. Se permite la reproducción total o parcial, la distribución, la comunicación pública de la obra y la creación de obras derivadas, siempre que no sea con finalidades comerciales, y sempre que se reconzca la autoria de la obra original.</subfield>
    <subfield code="u">https://creativecommons.org/licenses/by-nc/4.0/</subfield>
  </datafield>
  <datafield tag="710" ind1=" " ind2=" ">
    <subfield code="a">Universidad de Zaragoza</subfield>
  </datafield>
  <datafield tag="856" ind1="4" ind2=" ">
    <subfield code="s">151305050</subfield>
    <subfield code="u">http://zaguan.unizar.es/record/133034/files/1927_numero1.pdf</subfield>
    <subfield code="y">Texto completo (pdf)</subfield>
  </datafield>
  <datafield tag="909" ind1="C" ind2="O">
    <subfield code="o">oai:zaguan.unizar.es:133034</subfield>
    <subfield code="p">driver</subfield>
    <subfield code="p">revistas</subfield>
  </datafield>
  <datafield tag="245" ind1=" " ind2=" ">
    <subfield code="a">Universidad. Revista de cultura y vida universitaria, Año 4, N.1, (1927)</subfield>
  </datafield>
  <datafield tag="260" ind1=" " ind2=" ">
    <subfield code="a">Zaragoza</subfield>
    <subfield code="c">1927</subfield>
  </datafield>
  <datafield tag="520" ind1=" " ind2=" ">
    <subfield code="a">INDICE DE CONTENIDOS: FILOSOFÍA Y LETRAS Algunas influencias del Fausto, de Goethe, en España, por el doctor José M. Pabón de Urbina. p. 3 Un Rector de Valdeltormo (continuación), por Santiago Vidiella. p. 23  DERECHO Los estudios de Derecho comparado en España, por el doctor Rafael Altamira Crevea. p. 71 Legislación foral de Don Rodrigo Jiménez de Rada, por el doctor Enrique Luño Peña. p. 85  MEDICINA Acidosis y reacción actual, por Francisco Pey Belsué. p. 125  CIENCIAS En memoria de Isaac Newton con motivo de su II centenario, por Gabriel Galán. p. 145  CRÓNICA Cursos de verano en Jaca. p. 171 Unas palabras de satisfacción para el doctor Finke, por M. Usón y Sesé p. 179  Vida universitaria. p. 181 Bibliografía. p. 205 Revista de revistas. p. 219</subfield>
  </datafield>
  <datafield tag="041" ind1=" " ind2=" ">
    <subfield code="a">spa</subfield>
  </datafield>
  <datafield tag="538" ind1=" " ind2=" ">
    <subfield code="a">Texto completo. Available electronically via Internet</subfield>
  </datafield>
</record>
</collection>